00532nai a2200157Ia 4500003000900000008004100009022002200050022002300072040001600095245003800111260003400149310001200183362002600195521006900221856008400290IN-BaIIA211028c9999 xx s 000 0 eng d a0031-9317 (Print) a1399-3054 (Online) cIIA Library 0aPhysiologia Plantarumh[eJournal] aNew JerseybJohn Wiley & Sons aMonthly a99(1); 1997 - Present bSubscribed through National Knowledge Resource Consortium (NKRC) uhttps://onlinelibrary.wiley.com/journal/13993054yClick Here to Access eJournal